000
00285nam a22001337a 4500
008
171009b xxu||||| |||| 00| 0 eng d
020
_a
9780495789109
041
_a
eng
080
_2
8TH
_a
159.9
100
_a
49
101
_a
PSI
245
_a
COGNITION
_c
REED.,S.K
942
_2
udc
_c
BK
999
_c
32492
_d
32492